Only Fools and Horses Lyrics (Opening) - Statistics

General Stats
  • This quiz has been taken 66 times
  • The average score is 68 of 97
Answer Stats
Answer % Correct
a
92%
a
92%
you
92%
you
92%
in
87%
the
87%
the
87%
the
87%
the
87%
the
87%
the
87%
the
87%
the
87%
And
85%
and
85%
from
85%
from
85%
me
85%
me
85%
suitcase
82%
van
82%
do
79%
I'm
79%
pocket
79%
brother,
77%
fetch
77%
I'll
77%
pony
77%
your
77%
if
74%
man
74%
Stick
74%
ask
72%
mystery
72%
of
72%
of
72%
questions
72%
sea
72%
best
69%
comes
69%
don't
69%
fools
69%
horses
69%
is
69%
it
69%
like
69%
only
69%
Then
69%
want
69%
where
69%
Why
69%
work?
69%
all
67%
tides
67%
changing
64%
driving
64%
seasons
64%
But
62%
But
62%
La-
62%
La-
62%
La-
62%
La-
62%
La-
62%
La-
62%
La-
62%
La-
62%
La-
62%
La-
62%
La-
62%
La-
62%
La-
62%
La-
62%
La-
62%
La-
62%
La-
62%
La-
62%
La-
62%
La-
62%
La-
62%
La-
62%
La-
62%
La-
62%
La-
62%
La-
62%
La-
62%
La-
62%
La-
62%
La...
62%
one
62%
that's
56%
It's
54%
'Cause
51%
'Cause
51%
here's
49%
berserk:
41%
ones
36%
No matching quizzes found
Score Distribution
Percent of People with Each Score
Percentile by Number Answered
Your Score History
You have not taken this quiz